LIBRARY & INFORMATION CENTRE, KCAET, TAVANUR

ONLINE PUBLIC ACCESS CATALOGUE (OPAC)

Thermal engineering, Vol 1 / (Record no. 10558)

MARC details
000 -LEADER
fixed length control field 00555cam a2200229ua 4500
041 ## - LANGUAGE CODE
Language code of text/sound track or separate title eng
082 ## - DEWEY DECIMAL CLASSIFICATION NUMBER
Classification number 621.402
Item number BAL/TH
100 ## - MAIN ENTRY--AUTHOR NAME
Personal name Ballaney, P L .
245 ## - TITLE STATEMENT
Title Thermal engineering, Vol 1 /
250 ## - EDITION STATEMENT
Edition statement 12 /
260 ## - PUBLICATION, DISTRIBUTION, ETC. (IMPRINT)
Place of publication Delhi :
Name of publisher Khanna publishers ,
Year of publication 1995.
300 ## - PHYSICAL DESCRIPTION
Number of Pages 1456 :
Other physical details 506 ; .
500 ## - GENERAL NOTE
General note *CSS
942 ## - ADDED ENTRY ELEMENTS (KOHA)
Koha item type Books
Holdings
Withdrawn status Lost status Damaged status Home library Current library Shelving location Date acquired Full call number Accession Number Koha item type
      KAUAET KAUAET Scheme 07/04/2012 621.402 BAL/TH 19150 Book Bank scheme for SC students
    Damaged KAUAET KAUAET Binding Shelf 07/04/2012 621.402 19148 Books
Withdrawn     KAUAET KAUAET   07/04/2012 621.402 19053 Books
    Damaged KAUAET KAUAET Binding Shelf 07/04/2012 621.402 BAL/TH 19149 Book Bank scheme for SC students
free website counter